Bases metodológicas para la enseñanza de la matemática en el primer ciclo básico
Gorde:
| Egile nagusia: | |
|---|---|
| Formatua: | Liburua |
| Hizkuntza: | gaztelania |
| Argitaratua: |
Santiago
CPEIP
1982
|
| Saila: | Serie ciencias experimentales y matemáticas
|
| Gaiak: | |
| Etiketak: |
Etiketa erantsi
Etiketarik gabe, Izan zaitez lehena erregistro honi etiketa jartzen!
|
MARC
| LEADER | 00000nam a2200000 a 4500 | ||
|---|---|---|---|
| 001 | UCY8593 | ||
| 003 | CL-VaPUC | ||
| 008 | 950703e19820000CL |||||||||||||||||spa|d | ||
| 082 | 0 | 4 | |a 372.7 |b JAR |2 21 |
| 100 | |a Jarufe Abedrabu, Teodoro |e author |9 542720 | ||
| 245 | 1 | 0 | |a Bases metodológicas para la enseñanza de la matemática en el primer ciclo básico |
| 300 | |a 102 p | ||
| 942 | |c BK | ||
| 945 | |d 19950703 00:00:00 |a cmena | ||
| 260 | |a Santiago |b CPEIP |c 1982 | ||
| 650 | 0 | |a Matemática |9 260235 | |
| 650 | 0 | |a Métodos de enseñanza |9 270413 | |
| 650 | 0 | |a Educación básica |9 224933 | |
| 583 | |a last modification |c 19950703 00:00:00 |k Rodrigo Vera | ||
| 490 | 0 | |a Serie ciencias experimentales y matemáticas | |
| 999 | |c 235824 |d 235822 | ||
| 952 | |0 0 |1 0 |4 0 |6 372_700000000000000_JAR_1982 |7 0 |8 P |9 243476 |a BIBEDU |b BIBEDU |c BIBEDU_PB |d 2019-11-18 |i 1526200 |o 372.7 JAR 1982 |p 1526200 |r 2024-01-25 |w 2019-11-18 |y BK |k EDU | ||
| 952 | |0 0 |1 0 |4 0 |6 372_700000000000000_JAR_1982 |7 0 |8 P |9 243477 |a BIBEDU |b BIBEDU |c BIBEDU_PB |d 2019-11-18 |i 1607677 |o 372.7 JAR 1982 |p 1607677 |r 2024-01-25 |w 2019-11-18 |y BK |k EDU | ||